00000000nam 2200000za 4500
0019.856052
003CaOODSP
00520221107155441
007cr |||||||||||
008180502s2018    onc    #ol|||f|0| 0|eng d
040 |aCaOODSP|beng
041 |aeng|afre
043 |an-cn---
0861 |aXB421-401/1-PDF
1101 |aCanada. |bParliament. |bHouse of Commons.
24513|aAn Act to amend the Canada Elections Act (voting age) |h[electronic resource] = |bLoi modifiant la Loi électorale du Canada (âge de voter).
24631|aLoi modifiant la Loi électorale du Canada (âge de voter)
260 |a[Ottawa] : |bHouse of Commons of Canada = Chambre des communes du Canada, |c2018.
300 |aii, 1 p.
4901 |aBill C-... ; |vBill C-401, 1st session, 42nd Parliament
500 |aCover title.
500 |a"First reading, May 1, 2018."
520 |a"This enactment amends the Canada Elections Act to lower the voting age from 18 years to 16"--Summary, p. ii.
546 |aText in English and in French.
69207|2gccst|aLegislation
69207|2gccst|aElections
792 |tAn Act to amend the Canada Elections Act (voting age) |efre|w(CaOODSP)9.856053
830#0|aBill C-...|vBill C-401, 1st session, 42nd Parliament|w(CaOODSP)9.500659
85640|qPDF|s199 KB|uhttps://publications.gc.ca/collections/collection_2018/parl/XB421-401-1.pdf